000 00999nam a22003137a 4500
003 CHAP
005 20220329143438.0
008 090910s1997 co r 00010 spa d
010 _a96721
011 _a97693
020 _a9586281426
035 _a108363
040 _cCHAP
082 0 4 _a126
_bG16
100 1 _aGaravito Pardo, Edgar
_945587
245 1 3 _aLa transcursividad :
_bcrítica de la identidad psicológica
_c/por Edgar Garavito Pardo
260 _aBogotá :
_bUniversidad Nacional de Colombia. Facultad de Ciencias Humanas,
_c1997
300 _a210 p.
590 _aBATCH-UPD
_b10
_c20130110
_lUCH01
_h1747
590 _aBATCH-UPD
_b10
_c20130410
_lUCH01
_h1125
590 _aBATCH-UPD
_b10
_c20130914
_lUCH01
_h1407
590 _aCONVERSION
_b10
_c20130109
_lUCH01
_h1353
650 0 4 _aFilosofía.
_940890
650 1 4 _aIdentidad.
_957290
650 1 4 _aRazonamiento.
_994903
901 _aBK
942 _cLIBRO
949 _a126 G16
_bBC
_cLIBRO
_d33724002111355
_eLIBRO
_h110908
_i108363
_sb
999 _c96721
_d96721